| 000 | 01106cam a2200313 a 4500 | ||
|---|---|---|---|
| 001 | 13073042 | ||
| 003 | OSt | ||
| 005 | 20151027113343.0 | ||
| 008 | 030129s2003 nyua dbf 001 0 eng | ||
| 010 | _a 2003001971 | ||
| 020 | _a9780873529877 (lg. print : pbk. : alk. paper) | ||
| 040 |
_aDLC _cDLC _dDLC |
||
| 050 | 0 | 0 |
_aLB 2369 _b.G437 2003 |
| 082 | 0 | 0 |
_aIB 808.027 _bG35 2003 |
| 100 | 1 |
_aGibaldi, Joseph, _d1942- |
|
| 245 | 1 | 0 |
_aMLA handbook for writers of research papers _cJoseph Gibaldi. |
| 250 | _a6th ed., large print. | ||
| 260 |
_aNew York : _bModern Language Association of America, _cc2003. |
||
| 300 |
_a361 p. : _bill. ; _c33 cm. |
||
| 504 | _aIncludes bibliographical references (p. 284-295) and index. | ||
| 562 | _e1 | ||
| 650 | 0 |
_aReport writing _vHandbooks, manuals, etc. |
|
| 650 | 0 |
_aResearch _vHandbooks, manuals, etc. |
|
| 710 | 2 | _aModern Language Association of America. | |
| 906 |
_a7 _bcbc _corignew _d1 _eecip _f20 _gy-gencatlg |
||
| 942 |
_2lcc _cBK |
||
| 999 |
_c2258 _d2258 |
||